Internet leads retail futures (Record no. 77054)

MARC details
000 -LEADER
fixed length control field 01028cab a2200193 4500
001 - CONTROL NUMBER
control field ##L133517
008 - FIXED-LENGTH DATA ELEMENTS--GENERAL INFORMATION
fixed length control field 060516n2006 000 0 eng u
035 ## - SYSTEM CONTROL NUMBER
System control number (Sirsi) u133517
041 0# - LANGUAGE CODE
Language code of text/sound track or separate title eng
100 1# - MAIN ENTRY--PERSONAL NAME
Personal name Blackman, David
245 00 - TITLE STATEMENT
Title Internet leads retail futures
260 ## - PUBLICATION, DISTRIBUTION, ETC.
Date of publication, distribution, etc. 2006
490 #0 - SERIES STATEMENT
Series statement Planning (for the Natural and Built Environment)
Volume/sequential designation (1666) 28 April 2006, 18(1)
520 ## - SUMMARY, ETC.
Summary, etc. Considers the increasing impact of internet sales on high street retailing. Bigger retailers are developing online services alongside their retail outlets. Shops could increasingly become showrooms for customers to inspect the goods before buying them online. However many experts doubt that internet shopping will undermine demand for space in retail areas. Some however see the wave of massive city centre schemes as a greater threat to traditional shopping destinations than internet purchasing.
590 ## - LOCAL NOTE (RLIN)
Local note IKA230506
651 #4 - SUBJECT ADDED ENTRY--GEOGRAPHIC NAME
Geographic name United Kingdom
Chronological subdivision
690 ## - LOCAL SUBJECT ADDED ENTRY--TOPICAL TERM (OCLC, RLIN)
Topical term or geographic name as entry element PROPERTY-COMMERCIAL PROPERTY-RETAIL PROPERTY
942 ## - ADDED ENTRY ELEMENTS (KOHA)
Suppress in OPAC 0
Holdings
Withdrawn status Lost status Source of classification or shelving scheme Damaged status Not for loan Home library Current library Shelving location Date acquired Total Checkouts Full call number Barcode Date last seen Copy number Price effective from Koha item type
    Dewey Decimal Classification     London London Journal article 16/05/2006   L133517 133517-1001 06/08/2019 1 06/08/2019 Journal article